El fetiche de la estabilidad política /

El presente cuadernillo consta de dos partes: primero, El fetiche de la estabilidad política, es un análisis crítico de la obra Las nuevas democracias (1964), de Rafael Calvo Serer, editada por la Rialp, de Madrid, España, que este mismo escritor dirigía. La crítica va en el sentido de considerar a...

Πλήρης περιγραφή

Αποθηκεύτηκε σε:
Λεπτομέρειες βιβλιογραφικής εγγραφής
Κύριος συγγραφέας: González Luna, Efraín (autor)
Άλλοι συγγραφείς: Vázquez Cisneros, Pedro (notas) (notas)
Μορφή: Βιβλίο
Γλώσσα:Ισπανικά
Έκδοση: Guadalajara, México : Centro Jalisciense de Productividad, 1965
Θέματα:
Ετικέτες: Προσθήκη ετικέτας
Δεν υπάρχουν, Καταχωρήστε ετικέτα πρώτοι!

MARC

LEADER 00000nam^a2200000^a^4500
001 000406038
005 20250521000000.0
009 20260526143747.133
037 |a Acervo Xavier Clavigero 
041 |a ESP 
082 |a 320. 97206  |b GON 
100 |a González Luna, Efraín  |e (autor) 
245 1 3 |a El fetiche de la estabilidad política /  |c E. González Luna ; notas de P. Vázquez Cisneros. 
264 1 |a Guadalajara, México :  |b Centro Jalisciense de Productividad,  |c 1965 
300 |a 42 p. 
336 |a texto  |b txt  |2 rdacontenido 
337 |a sin mediación  |b n  |2 rdamedio 
338 |a volumen  |b nc  |2 rdasoporte 
520 |a El presente cuadernillo consta de dos partes: primero, El fetiche de la estabilidad política, es un análisis crítico de la obra Las nuevas democracias (1964), de Rafael Calvo Serer, editada por la Rialp, de Madrid, España, que este mismo escritor dirigía. La crítica va en el sentido de considerar a la citada obra como una apología española de Partido Revolucionario Institucional, que pretende estructurar una tesis de doctrina política con informaciones muy parciales, considerando la estabilidad política o gubernamental como factor de progreso. Una segunda parte es una autorreflexión que hace el autor expresando sus motivos para haber aceptado la candidatura a la presidencia de la República en 1952 por el Partido Acción Nacional, partido que él mismo había fundado: motivaciones de tipo religioso y de disposición al servicio, aun sabiendo que lo que lograría sería preparar el camino para que, en el futuro, otros pudieran acceder al servicio público en la presidencia del país. 
561 |a Ex libris de Instituto de Literatura Puente Grande, Jal. 
561 |a Ex libris de Bibl. Iunioratus Dom. Prob. S. Ioseph 
649 |a XX 
650 |a Candidatos Políticos Mexicanos -  |x Memorias 
650 |a Partido Revolucionario Institucional -  |x Historia 
650 |a Partido Acción Nacional -  |x Historia 
650 |a Partidos Políticos -  |z México 
650 |a Estabilidad Política -  |z México -  |x Historia -  |x Tema Principal 
650 |a Proceso Político -  |z México -  |x Historia -  |y 1946-2000 
650 |a Elecciones -  |z México -  |x Historia 
650 |a Política y Religión -  |z México 
650 |a México -  |x Condiciones Políticas 
650 |a México -  |x Historia -  |y 1946-2000 
650 |a González Luna, Efraín -  |x Tema Principal 
740 0 |a Origen y sentido de mi candidatura /  |c E. González Luna ; notas de P. Vázquez Cisneros. 
700 |a Vázquez Cisneros, Pedro  |e (notas) 
910 |a Fondo General 
920 |a Impresos - Libros 
930 |a Colección General 
905 |a 101 
901 |a 031542  |b IT1  |c ACC  |i IA  |u 20250521 
902 |a https://opac.biblio.iteso.mx/vufind/Record/000406038